Koncepčný návrh revitalizácie v okolí vlakovej stanice
Salvato in:
| Autore principale: | |
|---|---|
| Altri autori: | |
| Natura: | Manoscritto Libro |
| Lingua: | slovacco |
| Pubblicazione: |
2025
|
| Soggetti: | |
| Accesso online: | http://is.stuba.sk/zp/portal_zp.pl?podrobnosti=174676 CRZP |
| Tags: |
Nessun Tag, puoi essere il primo ad aggiungerne!!
|
MARC
| LEADER | 00000ntm a22000003a 4500 | ||
|---|---|---|---|
| 001 | stuzp105414 | ||
| 003 | SK-STU | ||
| 005 | 20250724104906.9 | ||
| 007 | ta | ||
| 008 | 150427s2015----xo-----f-mn---000-0-slo-d | ||
| 040 | |a STU |b slo | ||
| 041 | 0 | |a slo | |
| 100 | 1 | |a Haydenová, Mária |u 010160 |4 aut |U SvF Stavebná fakulta |T SvF Katedra vodného hospodárstva krajiny |X 120209 |U V160 |Y 16 |7 120209 | |
| 242 | 0 | 1 | |a Conceptual proposal for revitalisation in the green open space of the train station |y eng |
| 245 | 1 | 0 | |a Koncepčný návrh revitalizácie v okolí vlakovej stanice |
| 260 | |c 2025 | ||
| 650 | 4 | |a ekológia |2 slo | |
| 650 | 4 | |a funkčnosť |2 slo | |
| 650 | 4 | |a estetika |2 slo | |
| 650 | 4 | |a ecology |2 eng | |
| 650 | 4 | |a functionality |2 eng | |
| 650 | 4 | |a aesthetics |2 eng | |
| 700 | 1 | |a Kubáňová, Martina |u 010160 |k Z1 |4 ths |U SvF Stavebná fakulta |T SvF Katedra vodného hospodárstva krajiny |X 68887 |U V160 |Y 16 |7 A000068887 | |
| 856 | 4 | |u http://is.stuba.sk/zp/portal_zp.pl?podrobnosti=174676 | |
| 856 | 4 | |u https://opac.crzp.sk/?fn=detailBiblioForm&sid=4013D2F8FE5692F45ECB284F6B33 |z CRZP | |